000 00896nam a2200193 i 4500
001 152335
003 ES-MaACL
005 20230906204637.0
008 931025s1866 sp |||| | spa d
100 1 _aBoldún y Conde, Calisto.
_9126048
245 1 0 _a¡Qué plaga !
_b: juguete cómico en un acto en prosa y en verso /
_coriginal de Calisto Boldun y Conde.
260 _aMadrid :
_b[s.n.],
_c1866 (
_fJosé Rodriguez)
300 _a32 p. ;
_c20 cm.
490 1 _aEl teatro: colección de obras dramáticas
500 _aEn port.: Representada por primera vez en el teatro de Variedades el dia 20 de enero de 1866.
830 0 _aEl teatro: colección de obras dramáticas
_9187705
852 _aES-MaACL
_jF-8567(3)
_z-- Enc. pasta española, falto de la cub. original
_z-- Enc. en un vol. facticio, formando parte de la col. facticia "Teatro español moderno", vol. 20
999 _c152335
_d152335